000 00340nam a2200133Ia 4500
008 240624s9999 xx 000 0 und d
041 _aeng
082 _a339 MAN
100 _aMANKIW GREGORY
245 _aPRINCIPLES OF MACROECONOMICS
250 _a(4th ed.)
260 _c2007
_aAustralia
_bCengage Learning
300 _a583 : p. : cm. ; 24
999 _c11842
_d11842